[Event "Paracin op 16th"]
[Site "Paracin"]
[Date "2023.07.10"]
[Round "4"]
[White "Fernandez Manrique, Agustin"]
[Black "Udovenko, Daniel"]
[Result "1-0"]
[WhiteElo "2057"]
[BlackElo "1856"]
[PlyCount "54"]
[EventDate "2023.07.07"]
[EventType "swiss"]
[EventRounds "9"]
[EventCountry "SRB"]
[SourceTitle "EXT 2024"]
[Source "ChessBase"]
[SourceDate "2023.10.10"]
[SourceVersion "1"]
[SourceVersionDate "2023.10.10"]
[SourceQuality "1"]

1. c4 Nf6 2. Nc3 g6 3. e4 d6 4. d4 Bg7 5. Be2 0-0 6. Bg5 Na6 7. Qd2 e5 8. d5 Qe8 9. h4 Nc5 10. Bxf6 Bxf6 11. g4 Bg7 12. h5 a5 13. 0-0-0 Bd7 14. Nh3 c6 15. f3 cxd5 16. Nxd5 Ne6 17. hxg6 hxg6 18. Ng5 Rc8 19. Nh7 Qd8 20. g5 f5 21. gxf6 Bxf6 22. Nhxf6+ Rxf6 23. Qh6 Nf8 24. Qh8+ Kf7 25. Qxf6+ Qxf6 26. Nxf6 Kxf6 27. Rxd6+ Ke7 1-0